Normal view MARC view
  • Government of the Republic of Zambia. Ministry of Commerce, Trade and Industry, Patents and Companies Registration Office (Zambia)

Entry Corporate Name

Number of records used in: 1

001 - CONTROL NUMBER

  • control field: 3603

003 - CONTROL NUMBER IDENTIFIER

  • control field: CBULib

005 - DATE AND TIME OF LATEST TRANSACTION

  • control field: 20240917133617.0

008 - FIXED-LENGTH DATA ELEMENTS

  • fixed length control field: 240917|| aca||aabn | a|a d

040 ## - CATALOGING SOURCE

  • Original cataloging agency: CBULib

110 ## - HEADING--CORPORATE NAME

  • Corporate name or jurisdiction name as entry element: Government of the Republic of Zambia. Ministry of Commerce, Trade and Industry, Patents and Companies Registration Office (Zambia)